00630nam a2200217 4500003000900000005001700009008004100026020001500067040002300082041000800105050001500113100003500128245003600163264004200199300005400241336002200295337002400317338002400341490001700365650003000382MX-MxINE20260530113911.0260504b1993 si a|||| |||| 00| 0 eng d a0500202648 aICIbspacICIerda aeng aN7401bC37 1aCaruana, Wally, eautoreautor10aAboriginal art /cWally Caruana 1aNew York :bThames and Hudson, c1993 a216 páginas :bhojas (algunas a color), mapas ; 2rdacontentatexto 2rdamediaasin medio 2rdacarrieravolumen aWorld of art 0aArte aborigen australiano